000 00931nam a2200241 a 4500
001 000014280
005 20250221073754.0
008 091209s1978 dr a r 001 0 spa d
040 _aDO-SdBNP
_bspa
_cBNPHU
082 _a317.29374
_bR426q, 1978
110 1 _aRepública Dominicana.
_bOficina Nacional de Estadística
_95775
245 1 0 _aQuinto censo nacional de población 9 y 10 de enero de 1970.
246 1 2 _aV censo nacional de población 9 y 10 de enero de 1970
250 _a2a. ed.
260 _aSanto Domingo :
_bOficina Nacional de Estadística,
_c1978.
300 _a534 p. :
_bil. ;
_c27 cm.
500 _aLa biblioteca posee el v. 2
505 0 _gv. 2 --
_tCaracterísticas educativas.
650 4 _aVivienda
_xEstadísticas
_92320
651 4 _aRepública Dominicana
_xPoblación
_xEstadísticas
_92321
651 4 _aRepública Dominicana
_xCensos
_92322
650 4 _aRepública dominicana
_xEstadística vital
_92323
999 _c13876
_d13876